Mermaid queen / (Record no. 7901)

MARC details
000 -LEADER
fixed length control field 01256nam a22003017a 4500
001 - CONTROL NUMBER
control field 7901
003 - CONTROL NUMBER IDENTIFIER
control field FISKH
005 - DATE AND TIME OF LATEST TRANSACTION
control field 20250822103015.0
008 - FIXED-LENGTH DATA ELEMENTS--GENERAL INFORMATION
fixed length control field 250813b cb ||||| |||| 00| 0 eng d
020 ## - INTERNATIONAL STANDARD BOOK NUMBER
International Standard Book Number 9780545556064
040 ## - CATALOGING SOURCE
Original cataloging agency FISKH
Language of cataloging eng
Transcribing agency FISKH
Modifying agency FISKH
050 ## - LIBRARY OF CONGRESS CALL NUMBER
Classification number GV838.K45 C67
082 ## - DEWEY DECIMAL CLASSIFICATION NUMBER
Classification number 797.2
100 ## - MAIN ENTRY--PERSONAL NAME
Personal name Corey, Shana
245 ## - TITLE STATEMENT
Title Mermaid queen /
Statement of responsibility, etc. By Shana Corey ; illustrated by Edwin Fotheringham
250 ## - EDITION STATEMENT
Edition statement This edition first published in 2009
260 ## - PUBLICATION, DISTRIBUTION, ETC.
Place of publication, distribution, etc. New York :
Name of publisher, distributor, etc. Scholastic,
Date of publication, distribution, etc. 2009
300 ## - PHYSICAL DESCRIPTION
Extent 38 unnumbered pages :
Other physical details color illustrations ;
Dimensions 28 cm
505 ## - FORMATTED CONTENTS NOTE
Formatted contents note P<br/>
520 ## - SUMMARY, ETC.
Summary, etc. As a child growing up in Australia, Annette Kellerman was a frail ugly duckling who dreamed of becoming a graceful ballerina. With courage and determination, she confronted a crippling illness to become an internationally known record-setting athlete who revolutionized the sport of swimming for women, a movie star who invented water ballet, and a fashion revolutionary who modernized the swimsuit.<br/>
521 8# - TARGET AUDIENCE NOTE
Target audience note 650<br/>
Source Lexile<br/>
521 8# - TARGET AUDIENCE NOTE
Target audience note P<br/>
Source Raz-Plus<br/>
650 ## - SUBJECT ADDED ENTRY--TOPICAL TERM
Source of heading or term Fashion
Topical term or geographic name entry element English Channel
650 ## - SUBJECT ADDED ENTRY--TOPICAL TERM
Source of heading or term Swimming
Topical term or geographic name entry element Women's history
700 ## - ADDED ENTRY--PERSONAL NAME
Personal name Fotheringham, Edwin
Dates associated with a name illustrator
942 ## - ADDED ENTRY ELEMENTS (KOHA)
Source of classification or shelving scheme Dewey Decimal Classification
Koha item type Books
Suppress in OPAC No
Holdings
Withdrawn status Lost status Source of classification or shelving scheme Damaged status Not for loan Collection Home library Current library Shelving location Date acquired Total Checkouts Full call number Barcode Date last seen Copy number Price effective from Koha item type
    Dewey Decimal Classification     Non-Fiction Footprints International School Library Network Toul Tom Poung Campus Footprints International School Library Network Toul Tom Poung Campus TTP Primary Orange Bookshelves 08/13/2025   COR 797.2 GV838.K45 C67 FISBK05702 08/13/2025 1 08/13/2025 Books
    Dewey Decimal Classification     Non-Fiction Footprints International School Library Network Toul Tom Poung Campus Footprints International School Library Network Toul Tom Poung Campus TTP Primary Orange Bookshelves 08/22/2025   COR 797.2 GV838.K45 C67 FISTK02331 08/22/2025 2 08/22/2025 Books